Like a Drink? Quiz Stats

 Plays Quiz Updated Oct 2, 2017

Also try: Drinking Songs
Challenge
Share
Tweet
Score 0/25 Timer 07:00
0 Plays Today
% Correct
Wine
94.6%
Shot
93.5%
Champagne
90.3%
Teacup
88.1%
Sherry
86%
Whisky
85.9%
Cocktail
83.4%
Yard
83.2%
Hip-flask
82.1%
Espresso
81%
Gourd
Canteen
78.9%
Horn
78.1%
Tankard
76.5%
% Correct
Pint
75.7%
Chawan
75%
Jack
73%
Goblet
72.8%
Brandy
72.7%
Stein
69.2%
Beer
68.7%
Pilsner
66.8%
Arabian
Coffee
59.9%
Mint
Julep
58%
Ċ ljivovica
53.7%
Roman
Flagon
45.2%

You're not logged in!

Compare scores with friends on all Sporcle quizzes.
Join for Free
OR
Log In

You Might Also Like...

Show Comments

Extras

Top Quizzes Today


Score Distribution

Your Account Isn't Verified!

In order to create a playlist on Sporcle, you need to verify the email address you used during registration. Go to your Sporcle Settings to finish the process.

Report this User

Report this user for behavior that violates our Community Guidelines.

Details: